Länder mit den meisten Robotern pro 10000 Beschäftigte - Statistiken

Allgemein
  • Dieses Quiz wurde 27 mal gespielt
  • Das Durchschnittsergebnis liegt bei 6 aus 10
Antwortstatistiken
Platz Anzahl Land % Korrekt
5 322 China
100%
3 399 Japan
96%
1 1000 Südkorea
96%
9 274 Vereinigte Staaten
96%
4 397 Deutschland
92%
8 276 Taiwan
67%
6 321 Schweden
42%
2 670 Singapur
38%
7 304 Hong Kong
13%
10 249 Slowenien
4%
Keine übereinstimmenden Quizze gefunden
Verteilung der Resultate
Anzahl Personen mit jedem Resultat
Perzentil nach korrekt beantworteten Fragen
Ihre Resultats-Entwicklung
Sie haben dieses Quiz noch nicht gespielt